000 00778nam a2200217Ia 4500
003 OSt
005 20260109164303.0
008 220923b |||||||| |||| 00| 0 eng d
020 _a9789382396024
037 _cGeneral Book
040 _aRTL
_cRTL
_beng
041 _2eng
_aeng
084 _aY:3(W6).5, Q3
_qRTL
100 _aChoudhury Soumyabrata
_9307326
245 0 _aTheatre, number event: three studies on the relationship between sovereighty, power and truth
_b
260 _aShimla
_bIndian Institute of Advanced Study
_c2013
300 _axliii, 300 p.
_bIncludes bibliographical references and index.
650 _aSociology
_9863596
942 _hY:3(W6).5, Q3
_cGB
_2CC
_n0
999 _c653163
_d653163